| 000 | 00574nam a2200229Ia 4500 | ||
|---|---|---|---|
| 008 | 210210b2000 xxu||||| |||| 00| 0 eng d | ||
| 020 | _a81 7493 777 3 | ||
| 082 | _a658.3 RAOP | ||
| 100 | _aRAO (P Subba) | ||
| 245 | _aPersonnel and human resource management text and cases | ||
| 260 |
_aNew Delhi. _bHimalaya Publishing House _c2000 |
||
| 300 | _axiv,363 | ||
| 650 | _atext | ||
| 650 | _aresource | ||
| 650 | _aPersonnel | ||
| 650 | _amanagement | ||
| 650 | _ahuman | ||
| 650 | _acases | ||
| 650 | _aand | ||
| 690 | _aPersonnel Management | ||
| 906 | _a055679 | ||
| 999 |
_c103079 _d103079 |
||